CS:GO callouts - Statistics

General Stats
  • This quiz has been taken 89 times
  • The average score is 6 of 15
Answer Stats
Hint Answer % Correct
Playground Overpass
81%
Boiler Inferno
79%
Water Overpass
78%
Firebox Mirage
74%
Edward Mirage
56%
Shroud Cache
53%
Jail Mirage
50%
1G Train
42%
Headshot Vertigo
40%
5th Train
28%
Yellow Vertigo
24%
Alaska Dust2
18%
Aerial Nuke
17%
Red Anchient
1%
S1mple Anchient
1%
No matching quizzes found
Score Distribution
Percent of People with Each Score
Percentile by Number Answered
Your Score History
You have not taken this quiz